Разработка самоармированных композиционных материалов на основе волокон сверхвысокомолекулярного полиэтилена; Функциональные материалы: разработка, исследование, применение

Manylion Llyfryddiaeth
Parent link:Функциональные материалы: разработка, исследование, применение.— 2018.— [С. 29]
Prif Awdur: Жеребцов Д. Д.
Awdur Corfforaethol: Национальный исследовательский технологический университет "МИСиС"
Awduron Eraill: Чуков Д. И. (научный руководитель)
Crynodeb:Заглавие с экрана
Iaith:Rwseg
Cyhoeddwyd: 2018
Cyfres:Методы исследования и изготовления функциональных материалов
Pynciau:
Mynediad Ar-lein:http://earchive.tpu.ru/handle/11683/50378
Fformat: MixedMaterials Electronig Pennod Llyfr
KOHA link:https://koha.lib.tpu.ru/cgi-bin/koha/opac-detail.pl?biblionumber=627295

MARC

LEADER 00000naa2a2200000 4500
001 627295
005 20231102024251.0
035 |a (RuTPU)RU\TPU\conf\27073 
035 |a RU\TPU\conf\27072 
090 |a 627295 
100 |a 20180828d2018 k y0rusy50 ca 
101 0 |a rus 
102 |a RU 
105 |a y z 101zy 
135 |a drgn ---uucaa 
181 0 |a i  
182 0 |a b 
200 1 |a Разработка самоармированных композиционных материалов на основе волокон сверхвысокомолекулярного полиэтилена  |f Д. Д. Жеребцов  |g науч. рук. Д. И. Чуков 
203 |a Текст  |c электронный 
225 1 |a Методы исследования и изготовления функциональных материалов 
230 |a 52 компьютерный файл (pdf; 152 Kb) 
300 |a Заглавие с экрана 
320 |a [Библиогр.: с. 29 (3 назв.)] 
463 0 |0 (RuTPU)RU\TPU\conf\26927  |t Функциональные материалы: разработка, исследование, применение  |o сборник тезисов докладов V Всероссийского конкурса научных докладов студентов, г. Томск, г. Тамбов, 22-23 мая 2018 г.  |f Национальный исследовательский Томский политехнический университет (ТПУ) ; Национальный исследовательский Томский государственный университет (ТГУ) ; Тамбовский государственный университет имени Г. Р. Державина ; ред. кол. А. Ю. Годымчук, Н. И. Каракчеева, А. А. Гусев  |v [С. 29]  |d 2018 
610 1 |a электронный ресурс 
610 1 |a композиционные материалы 
610 1 |a волокна 
610 1 |a сверхвысокомолекулярные полиэтилены 
610 1 |a эндопротезы 
610 1 |a сверхвысокомолекулярный полиэтилен 
610 1 |a СВМПЭ 
700 1 |a Жеребцов  |b Д. Д. 
702 1 |a Чуков  |b Д. И.  |4 727 
712 0 2 |a Национальный исследовательский технологический университет "МИСиС"  |c (Москва)  |c (2008- )  |2 stltpush  |3 (RuTPU)RU\TPU\col\17156  |9 26541 
801 2 |a RU  |b 63413507  |c 20180904  |g RCR 
856 4 |u http://earchive.tpu.ru/handle/11683/50378 
942 |c BK